[Event "Landesliga U20 Sued 1112"]
[Site "Bayern"]
[Date "2012.01.21"]
[Round "4.1"]
[White "Medovy, Boris"]
[Black "Voggenreiter, Simon"]
[Result "1/2-1/2"]
[WhiteElo "1753"]
[BlackElo "1710"]
[PlyCount "56"]
[EventDate "2011.11.12"]
[EventType "team-tourn"]
[EventRounds "7"]
[EventCountry "GER"]
[SourceTitle "EXT 2022"]
[Source "ChessBase"]
[SourceDate "2021.10.06"]
[SourceVersion "1"]
[SourceVersionDate "2021.10.06"]
[SourceQuality "1"]
[WhiteTeam "Muenchen Tarrasch U20"]
[BlackTeam "Freising SK U20"]
[WhiteTeamCountry "GER"]
[BlackTeamCountry "GER"]

1. d4 e6 2. c4 Nf6 3. Bg5 Be7 4. Nf3 b6 5. Nc3 Bb7 6. e3 d6 7. Bd3 Nbd7 8. 0-0 0-0 9. Nd2 e5 10. d5 Nc5 11. Bxf6 Bxf6 12. Bc2 g6 13. Nce4 Nxe4 14. Nxe4 Bg7 15. Nd2 f5 16. e4 f4 17. b4 g5 18. Rc1 Rf6 19. g4 Bc8 20. f3 h5 21. h3 hxg4 22. fxg4 Rh6 23. Qf3 Bd7 24. Bb3 Rc8 25. c5 b5 26. Rc2 Kh7 27. Rfc1 dxc5 28. bxc5 c6 1/2-1/2

[Event "Landesliga U20 Sued 1011"]
[Site "Bayern"]
[Date "2011.04.02"]
[Round "6.2"]
[White "Lex, Alexander"]
[Black "Medovy, Boris"]
[Result "1/2-1/2"]
[WhiteElo "1520"]
[BlackElo "1795"]
[PlyCount "59"]
[EventDate "2010.10.16"]
[EventType "team-tourn"]
[EventRounds "7"]
[EventCountry "GER"]
[SourceTitle "EXT 2022"]
[Source "ChessBase"]
[SourceDate "2021.10.06"]
[SourceVersion "1"]
[SourceVersionDate "2021.10.06"]
[SourceQuality "1"]
[WhiteTeam "Nittenau U20"]
[BlackTeam "Muenchen Tarrasch U20"]
[WhiteTeamCountry "GER"]
[BlackTeamCountry "GER"]

1. e4 e5 2. Nf3 Nc6 3. d4 exd4 4. Nxd4 Nxd4 5. Qxd4 d6 6. Nc3 Nf6 7. Bc4 Be6 8. Bg5 Be7 9. Rd1 0-0 10. 0-0 Nd7 11. Bxe7 Qxe7 12. f4 a6 13. e5 dxe5 14. fxe5 Bxc4 15. Qxc4 Nxe5 16. Qf4 Qc5+ 17. Kh1 f6 18. Qf5 Rad8 19. Ne4 Qc4 20. b3 Qe2 21. Rde1 Qg4 22. Qf2 b6 23. h3 Qg6 24. Ng3 Rd5 25. Nf5 Qf7 26. Qg3 Kh8 27. Ne3 Rd7 28. Qf4 Rfd8 29. Rf2 Qe6 30. Ref1 1/2-1/2